La educación psicomotriz como terapia: Bruno
Gorde:
| Egile Nagusiak: | , |
|---|---|
| Formatua: | Liburua |
| Hizkuntza: | gaztelania |
| Argitaratua: |
Madrid
Narcea
1977
|
| Gaiak: | |
| Etiketak: |
Etiketa erantsi
Etiketarik gabe, Izan zaitez lehena erregistro honi etiketa jartzen!
|
MARC
| LEADER | 00000nam a2200000 a 4500 | ||
|---|---|---|---|
| 001 | UCY8882 | ||
| 003 | CL-VaPUC | ||
| 008 | 950707e19770000SP |||||||||||||||||spa|d | ||
| 082 | 0 | 4 | |a 152.3 |b AUC |2 21 |
| 100 | 0 | |a Aucouturier, Bernard |e author |9 340640 | |
| 700 | |a Lapierre, André |e author |9 486884 | ||
| 245 | 1 | 3 | |a La educación psicomotriz como terapia: Bruno |
| 300 | |a 101 p | ||
| 942 | |c BK | ||
| 945 | |d 19950707 00:00:00 |a mfernand | ||
| 260 | |a Madrid |b Narcea |c 1977 | ||
| 650 | 7 | |a PSICOMOTRICIDAD |2 CL-VaPUC |9 241072 | |
| 650 | 0 | |a Terapia |9 334442 | |
| 650 | 0 | |a Educación especial |9 307486 | |
| 650 | 7 | |a NIÑOS MINUSVALIDOS |2 CL-VaPUC |9 309747 | |
| 650 | 0 | |a Desarrollo motor |9 313002 | |
| 650 | 0 | |a Desarrollo del lenguaje |9 311270 | |
| 650 | 0 | |a Actividades sensoriomotrices |9 335908 | |
| 583 | |a last modification |c 19950707 00:00:00 |k Rodrigo Vera | ||
| 999 | |c 236063 |d 236061 | ||
| 952 | |0 0 |1 0 |4 0 |6 152_300000000000000_AUC_1977 |7 0 |8 P |9 243886 |a BIBEDU |b BIBEDU |c BIBEDU_PB |d 2019-11-18 |i 153002K |o 152.3 AUC 1977 |p 153002K |r 2024-01-25 |w 2019-11-18 |y BK |k EDU | ||